000 00684 a2200229 4500
005 20260317105510.0
008 260317b |||||||| |||| 00| 0 eng d
020 _a9789646551095 (pbk)
037 _cTB
040 _aCRL
_cCRL
041 _2PER
_aPER
084 _aNT45 164R5
_bCRL
100 _aBeizai, Bahram
_91115933
245 _aNumaish dar Iran
260 _aTehran, Iran:
_bRoshangaran & women studies publishing,
_c2025.
300 _a224p.
365 _b1900.00
_cINR
650 _aArts
650 _aTheatre
942 _cTB
_2CC
_hNT45 164R5
999 _c1679702
_d1679702